Sports Quiz

Random Sports or Basketball Quiz

Most top 5 NBA statistical seasons Quiz Stats

 Plays Quiz not verified by Sporcle

Also try: Past NBA Logos
Challenge
Share
Tweet
Embed
Score 0/97 Timer 07:00
1 Play Today
Player % Correct
Michael Jordan
97.4%
Michael Jordan
97.4%
Michael Jordan
97.4%
Michael Jordan
97.4%
Wilt Chamberlain
94.4%
Wilt Chamberlain
94.4%
Wilt Chamberlain
94.4%
Wilt Chamberlain
94.4%
Wilt Chamberlain
94.4%
Kobe Bryant
93.2%
Shaquille O'Neal
91.8%
Shaquille O'Neal
91.8%
Steve Nash
90.3%
Steve Nash
90.3%
Jason Kidd
89.7%
Jason Kidd
89.7%
John Stockton
88.9%
John Stockton
88.9%
John Stockton
88.9%
Magic Johnson
88.5%
Karl Malone
88.4%
Karl Malone
88.4%
Moses Malone
88.3%
Kareem Abdul-Jabbar
87.3%
Kareem Abdul-Jabbar
87.3%
Kareem Abdul-Jabbar
87.3%
Kareem Abdul-Jabbar
87.3%
Kareem Abdul-Jabbar
87.3%
LeBron James
85.9%
Bill Russell
83.7%
Bill Russell
83.7%
Hakeem Olajuwon
81.5%
Larry Bird
79.9%
Player % Correct
Larry Bird
79.9%
Tim Duncan
79.8%
Allen Iverson
73.8%
Allen Iverson
73.8%
Allen Iverson
73.8%
David Robinson
73.1%
Oscar Robertson
70.1%
Oscar Robertson
70.1%
Oscar Robertson
70.1%
Oscar Robertson
70.1%
Alvin Robertson
70%
Dikembe Mutombo
69.3%
Dikembe Mutombo
69.3%
Ray Allen
64.2%
Reggie Miller
64.2%
Dennis Rodman
62.7%
Bob Cousy
62.5%
Bob Cousy
62.5%
Charles Barkley
59.7%
Elgin Baylor
58%
Mark Jackson
55.6%
Gary Payton
54.5%
Rick Barry
46.2%
Bob Pettit
45.5%
Bob Pettit
45.5%
Elvin Hayes
43.6%
Mark Price
42.9%
Alonzo Mourning
38.9%
Mark Eaton
38.6%
Randy Smith
36.2%
Wes Unseld
32.6%
Marcus Camby
32.5%
Tiny Archibald
31.6%
Player % Correct
Baron Davis
26.2%
Maurice Cheeks
26%
Shawn Bradley
25%
AC Green
24.5%
Lenny Wilkens
22.4%
Dolph Schayes
22%
Dolph Schayes
22%
Dolph Schayes
22%
Theo Ratliff
20.7%
Red Kerr
19.9%
Jerry Lucas
17.6%
Jerry Lucas
17.6%
Walt Bellamy
17.4%
Ron Artest
15.6%
Paul Arizin
15.4%
Artis Gilmore
15.2%
Calvin Murphy
14.8%
Mookie Blaylock
14.3%
Derek Fisher
13.7%
Michael Ray Richardson
12.7%
Bill Sharman
11.2%
Tree Rollins
9.8%
Norm Nixon
5.5%
Otis Thorpe
5.2%
Otis Thorpe
5.2%
Guy Rodgers
4.5%
Neil Johnston
4.5%
Jack Twyman
3.9%
Doug Christie
2.9%
Andy Phillip
0.8%
Dick McGuire
0.8%

You're not logged in!

Compare scores with friends on all Sporcle quizzes.
OR
Log In

You Might Also Like...

Show Comments

Extras

Top Quizzes Today


Score Distribution

Your Account Isn't Verified!

In order to create a playlist on Sporcle, you need to verify the email address you used during registration. Go to your Sporcle Settings to finish the process.

Report this User

Report this user for behavior that violates our Community Guidelines.

Details: